000 00573nam a2200205 a 4500
001 52724
003 BD-RjUL
005 20211209075841.0
008 160926r1964 enka|||| |||| 00| 0 eng d
035 _a(BD-RjUL)52844
040 _aBD-RjUL
_beng
_cBD-RjUL
041 _aeng
082 _223
_a912.014
_bWOM 1964
100 _aWood, Margaret
_9157683
245 _amap studeis and landscape types /
_cMargaret Wood
260 _aLondon :
_bGeorge G. Harrap,
_cc1963 [reprint 1964]
300 _a62 p. :
_bill. ;
_c24 cm.
650 _aMap reading
_9155046
942 _2ddc
_cBK
999 _c52724
_d52724